000 00851cam a2200265 a 4500
001 1623552
003 NUST - PNEC
005 20170116181016.0
008 950517s1994 enka 000 0 eng
010 _a 95154334
020 _a0750621214
040 _cLIBRARY
082 _a621.38284 BRI
100 1 _aBrindley, Keith.
245 1 0 _aAudio IC projects /
_cedited by Keith Brindley.
260 _aOxford ;
_aBoston :
_bBH Newnes,
_cc1994.
300 _aviii, 191 p. :
_bill. ;
_c22 cm.
440 4 _aThe Maplin series
650 0 _aAudio amplifiers
_xDesign and construction.
650 0 _aPower amplifiers
_xEL, EE
650 0 _aIntegrated circuits.
906 _a7
_bcbc
_corignew
_d2
_encip
_f19
_gy-gencatlg
942 _2ddc
_cBK
999 _c67279
_d67279